Nghiên cứu sự phụ thuộc cường độ chùm tia gamma tán xạ ngược vào thể tích tán xạ bằng phương pháp Monte Carlo = A study on the dependence of the intensity of a bunch of Gamma backward diffusion rays on the diffusion volume using the Monte Carlo method /
Đã lưu trong:
| Hovedforfatter: | |
|---|---|
| Andre forfattere: | , , , , |
| Format: | Bài viết |
| Sprog: | Vietnamese |
| Tags: |
Tilføj Tag
Ingen Tags, Vær først til at tagge denne postø!
|
| Thư viện lưu trữ: | Thư viện Trường Đại học Đà Lạt |
|---|
| LEADER | 01167nam a2200277 4500 | ||
|---|---|---|---|
| 001 | DLU140164149 | ||
| 005 | ##20140917 | ||
| 040 | # | # | |a DLU |b vie |
| 041 | # | # | |a vie |
| 044 | # | # | |a vn |
| 100 | # | # | |a Hoàng Đức Tâm. |
| 245 | # | # | |a Nghiên cứu sự phụ thuộc cường độ chùm tia gamma tán xạ ngược vào thể tích tán xạ bằng phương pháp Monte Carlo = |b A study on the dependence of the intensity of a bunch of Gamma backward diffusion rays on the diffusion volume using the Monte Carlo method / |c Hoàng Đức Tâm,...[và những người khác]. |
| 700 | # | # | |a Châu Văn Tạo. |
| 700 | # | # | |a Dương Thái Đương. |
| 700 | # | # | |a Huỳnh Đình Chương. |
| 700 | # | # | |a Lê Tấn Phúc. |
| 700 | # | # | |a Trần Thiện Thanh. |
| 773 | # | # | |t Tạp chí Khoa học Đại học Sư phạm TP. Hồ Chí Minh: Khoa học tự nhiên & công nghệ |g Số 51(85), 2013, tr. 138-147 |
| 920 | # | # | |a Phòng Tạp chí -- Trung tâm Thông tin - Thư viện Trường Đại học Đà Lạt |
| 900 | # | # | |a True |
| 911 | # | # | |a Hoàng Thị Huyền |
| 925 | # | # | |a G |
| 926 | # | # | |a A |
| 927 | # | # | |a BB |
| 980 | # | # | |a Thư viện Trường Đại học Đà Lạt |